ಪತಂಜಲಿ ಯೋಗಸೂತ್ರಗಳು ಮತ್ತು ವ್ಯಕ್ತಿತ್ವ ವಿಕಾಸ. (Record no. 799)

MARC details
000 -LEADER
fixed length control field 01383 a2200289 4500
005 - DATE AND TIME OF LATEST TRANSACTION
control field 2008091905315.0
008 - FIXED-LENGTH DATA ELEMENTS--GENERAL INFORMATION
fixed length control field 080919t xxu||||| |||| 00| 0 kan d
010 ## - LCCN (DPL NO)
LC control number KAN-7582
020 ## - INTERNATIONAL STANDARD BOOK NUMBER
International Standard Book Number 9788173029448
Terms of availability 40.00
035 ## - SYSTEM CONTROL NUMBER
System control number KN-5022
037 ## - SOURCE OF ACQUISITION
Source of stock number/acquisition D.B.Act / pub / nkp
082 ## - DEWEY DECIMAL CLASSIFICATION NUMBER
Classification number 613.7046
100 ## - MAIN ENTRY--PERSONAL NAME
Personal name ಓಂಕಾರ್, ಎಸ್. ಎನ್.
245 ## - TITLE STATEMENT
Title ಪತಂಜಲಿ ಯೋಗಸೂತ್ರಗಳು ಮತ್ತು ವ್ಯಕ್ತಿತ್ವ ವಿಕಾಸ.
Statement of responsibility, etc by ಎಸ್. ಎನ್.ಓಂಕಾರ್.
246 ## - VARYING FORM OF TITLE
Title proper/short title Pataanjali yogasutragalu mattu vyaktitva vikaas
Remainder of title by S.N.Omkar
250 ## - EDITION STATEMENT
Edition statement 1st ed
260 ## - PUBLICATION, DISTRIBUTION, ETC. (IMPRINT)
Place of publication, distribution, etc ಬೆಂಗಳೂರು
Name of publisher, distributor, etc ನವಕರ್ನಾಟಕ ಪಬ್ಲಿಕೇಷನ್ಸ್
Date of publication, distribution, etc 2007
270 ## - ADDRESS
Address Embassy center cresent road
City Bangalore
State or province Karnatak
Postal code 560 001
Telephone number 22203580
Electronic mail address navakarnataka@vsnl.com
300 ## - PHYSICAL DESCRIPTION
Extent 104p
Dimensions 22cm (pbk)
490 ## - SERIES STATEMENT
Series statement ವ್ಯಕ್ತಿ ವಿಕಸನ ಮಾಲೆ
500 ## - GENERAL NOTE
General note Patanjali Yogasutras and personality development - a book in kannada
650 ## - SUBJECT ADDED ENTRY--TOPICAL TERM
Topical term or geographic name as entry element Personality development
650 ## - SUBJECT ADDED ENTRY--TOPICAL TERM
Topical term or geographic name as entry element Yoga
650 ## - SUBJECT ADDED ENTRY--TOPICAL TERM
Topical term or geographic name as entry element ಯೋಗಸೂತ್ರಗಳು
942 ## - ADDED ENTRY ELEMENTS (KOHA)
Item type Kannada Bks
Call number prefix 613.7046 / OMK
Institution code [OBSOLETE] dpl
Source of classification or shelving scheme Dewey Decimal Classification
Classification part 613.7046
Call number suffix OMK
Holdings
Withdrawn status Lost status Source of classification or shelving scheme Damaged status Not for loan Home library Current library Date acquired Cost, normal purchase price Total Checkouts Full call number Barcode Date last seen Copy number Cost, replacement price Koha item type
    Dewey Decimal Classification   Not For Loan D.B.Act.Division D.B.Act.Division 19/09/2008 40.00   613.7046 OMK KN-5082 15/09/2008 1 17.00 Kannada Bks

© Delhi Public Library
Hit Counter
free hit counter